Library Banner

I didn't plan to be a witch and other surprises of a joyful (Record no. 8108)

MARC details
000 -LEADER
fixed length control field 00486nam a2200181Ia 4500
001 - CONTROL NUMBER
control field 6541
008 - FIXED-LENGTH DATA ELEMENTS--GENERAL INFORMATION
fixed length control field 140320s9999 xx 000 0 und d
020 ## - INTERNATIONAL STANDARD BOOK NUMBER
International Standard Book Number 0-684-80785-8
040 ## - CATALOGING SOURCE
Transcribing agency PK-LaUMT
082 ## - DEWEY DECIMAL CLASSIFICATION NUMBER
Classification number 306.8743
Item number EYR-I
100 ## - MAIN ENTRY--PERSONAL NAME
Personal name Eyre, Linda
245 ## - TITLE STATEMENT
Title I didn't plan to be a witch and other surprises of a joyful
Statement of responsibility, etc Eyre, Linda
260 ## - PUBLICATION, DISTRIBUTION, ETC. (IMPRINT)
Place of publication, distribution, etc New York,USA:
Name of publisher, distributor, etc A Fireside Book,
Date of publication, distribution, etc 1996.
300 ## - PHYSICAL DESCRIPTION
Extent 190 p.
546 ## - LANGUAGE NOTE
Language note EN
650 ## - SUBJECT ADDED ENTRY--TOPICAL TERM
Topical term or geographic name as entry element Family-United States-Case
942 ## - ADDED ENTRY ELEMENTS (KOHA)
Koha item type Books
Holdings
Withdrawn status Lost status Damaged status Not for loan Home library Current library Date acquired Total Checkouts Full call number Barcode Date last seen Date checked out Price effective from Koha item type
        UMT Main Campus UMT Main Campus 2014-03-20 1 306.8743 EYR-I 7357 2021-06-23 2021-06-11 2014-03-20 Books